• 首页
  • 本馆介绍
  • 公告通知
  • 最新文献
  • 馆藏检索
  • 电子资源
  • 读者导购
  • 参考咨询
  • 我的图书馆
  • 登录
  • 详细信息显示
  • 放入我的书架
  • 预约/预借图书
  • 作者相关作品
  • 分类相关作品
  • 丛书相关作品
  • 出版社相关作品

书目信息

  • 表格格式
  • 工作单格式
  • 卡片格式
题名:
彩色图解《神农本草经》
    
 
作者: 张文杰 编著
分册:  
出版信息: 广州   广东科技出版社  2019.11
页数: 246页
开本: 23cm
丛书名:
单 册:
中图分类: R281.2
科图分类:
主题词:
电子资源:
ISBN: 978-7-5359-7282-8
000 00986nam0 2200229 45
001 012001000734
005 20130911173024.0
010    @a978-7-5359-7282-8@dCNY58.00
100    @a20200319d2019 em y0chiy50 ea
101 0  @achi
102    @aCN@b440000
105    @aa z 000yy
106    @ar
200 1  @a彩色图解《神农本草经》@Acai se tu jie《 shen nong ben cao jing》@b专著@f张文杰编著
210    @a广州@c广东科技出版社@d2019.11
215    @a246页@c图@d23cm
330    @a《神农本草经》简称《本草经》,是我国现存较早的药物学专著。作为较早的一部药物学专著,对于药物及其采摘、炮制及使用方法等的论述,到了今天,仍是医药工作者的主要理论依据和操作规范。《图解》一书依据清代顾观光的辑本加以翻译,并且对药物的性状作了简单描述,其中还穿插了一些中药的传说和小故事,以期使读者在了解中药知识时,也能获得文学性和趣味性的阅读体验。
605    @a神农本草经@j图解
690    @aR281.2@v5
701  0 @a张文杰@Azhang wen jie@4编著
801  0 @aCN@bBJSDL@c20211011
905    @b1335788-91@dR281.2@e578@f4
    
    彩色图解《神农本草经》/张文杰编著.-广州:广东科技出版社,2019.11
    246页:图;23cm
    
    
    ISBN 978-7-5359-7282-8:CNY58.00
    《神农本草经》简称《本草经》,是我国现存较早的药物学专著。作为较早的一部药物学专著,对于药物及其采摘、炮制及使用方法等的论述,到了今天,仍是医药工作者的主要理论依据和操作规范。《图解》一书依据清代顾观光的辑本加以翻译,并且对药物的性状作了简单描述,其中还穿插了一些中药的传说和小故事,以期使读者在了解中药知识时,也能获得文学性和趣味性的阅读体验。
●
相关链接 在E读中查询图书 在五车中查询图书 在当当中查询图书 在豆瓣中查询图书


正题名:彩色图解《神农本草经》     索取号:R281.2/578         预约/预借

序号 登录号 条形码 馆藏地/架位号 状态 备注
1 1335788   213357883   第二样本阅览室/ [索取号:R281.2/578] 在馆    
2 1335789   213357892   第三借阅区/ [索取号:R281.2/578] 在馆    
3 1335790   213357909   第三借阅区/ [索取号:R281.2/578] 在馆    
4 1335791   213357918   第三借阅区/ [索取号:R281.2/578] 在馆    
欢迎您!
大连网信软件有限公司© 版权所有